01303 a2200217 45000010006000000050017000060080041000230030015000640400040000790800038001192450042001570200022001992500012002212640028002333000025002615050598002861000022008847000024009067000021009308560134009511458320260407155447.0260407a2010 arg spa dAR-UNSa-BCEJYS aAR-UNSa-BCEJYSbspacAR-UNSa-BCEJYS a331.5xMercado de Trabajo. Empleo10aThe economics of women, men, and work a978-0-13-608425-9 a6a. ed. 1aBoston :bPearsonc2010 axxii, 428 p.c25 cm. a1. Introduction - 2. Women and men: changing roles in a changing economy - 3. The family as an economic unit - 4. The allocation of time between the household and the labor market - 5. Differences in Occupations and earnings: overview - 6. Differences in occupations and earnings: The human capital model - 7. Differences in occupations and earnings: The role of labor market discrimination - 8. Recent developments in earnings - 9. Recent employment trends - 10. Changing work roles and the family - 11. Policies affecting paid work and the family - 12. Gender differences in other countries 1 aBlau, Francine D.1 aFerber, Marianne A.1 aWinkler, Anne E.41uhttps://biblioeco.unsa.edu.ar/pmb/images/libros/The economics of women, men, and work2-l118985.jpgyImagen de portadaqimage/jpeg